000 00803nab a2200253 u 4500
001 11495
003 HDC
007 cr bn ---aaaaa
008 210207b2015mmddmy |||no |||| 00| 0 eng d
040 _aHDC
100 _aRushdi Siddiqui
_96270
245 4 _aThe 'other' interview /
_cRushdi Siddiqui
260 _aMalaysia:
_bThe Edge Media Group,
_c2015
300 _a1 online resource
336 _atext
_2rdacontent
337 _acomputer
_2rdamedia
338 _aonline resource
_2rdacarrier
650 _aLeadership
_98120
710 _aThe Malaysian Insider
856 _zRequest full-text at [email protected]
942 _2lcc
942 _cNEWS
942 _kNWSO 000661
999 _c8818
_d8818